000 00747nam a2200253 a 4500
001 23799
003 CO-ViMGA
008 141112s2004 ck r 000 u spa d
020 _a9786077854326
040 _aCO-ViMGA
_bspa
_cCO-ViMGA
082 0 4 _a621.381 B657m1
100 1 _aBolton, W.
_934442
245 1 0 _aMecatronica :
_bSistemas de control electronico en la ingenieria mecanica y electrica /
_cW. Bolton
250 _a4 ed.
260 _aMéxico :
_bAlfaomega
300 _a608p.
650 1 4 _aAUTOMATIZACION
_98191
650 1 4 _aCONTROL AUTOMATICO
_947672
650 1 4 _aCONTROL ELECTRONICO
_952648
650 1 4 _aINGENIERIA ELECTRICA
650 1 4 _aINGENIERIA MECANICA
_912888
650 1 4 _aMECATRONICA
_933343
942 _2ddc
_cBK
999 _c31882
_d31882